000 00595nam a2200181Ia 4500
008 151202s9999||||xx |||||||||||||| ||und||
082 _bPNVM-46177
100 _aतेज पारखी जी-तेज गुरु.
245 _aपैसा.
260 _b"तेज ज्ञान फौंडेशन,पिंपरी."
260 _c2004
300 _a64
600 _aतेज पारखी जी-तेज गुरु.
630 _aपैसा.
700 _aतेज पारखी जी-तेज गुरु.
730 _aपैसा.
942 _cBOOK
999 _c1312127
_d1312124